| 000 | 00571nam a2200181 4500 | ||
|---|---|---|---|
| 999 |
_c169031 _d169031 |
||
| 005 | 20191104145345.0 | ||
| 010 | _aENG-126806 | ||
| 020 |
_a9788193407103 _c1495.00 |
||
| 035 | _aEN-110338 | ||
| 037 | _bDBAD/PUB | ||
| 082 | _a808.88 | ||
| 100 | _aJagat S.Bright | ||
| 245 |
_aImportant speeches and writings of Subhas Bose / _cby Jagat S. Bright |
||
| 260 |
_aDelhi _bAlina Books _c2018 |
||
| 270 |
_a1262 B-Block, Jahangir Puri, Delhi _e110033 _k9891951329 _malinabooks.del@gmail.com |
||
| 300 |
_a527p. _c22cm(Hb) |
||
| 942 |
_2ddc _cEN _h808.88 _mJAG |
||